00936nam a2200277 i 450000100060000000300090000600500170001500700030003200800410003502000180007608000140009408000120010810000270012024501060014726000360025330000220028949000220031165000330033365000410036665000310040770000290043883000300046785200220049799900170051995201220053620123ES-MaACL20250829050157.0t|021129s2002 sp ||||1| spa d a84-7245-510-6 a130.2"19" a009"19"1 aSmith, Huston.910688410aMás allá de la mente postmoderna / cHuston Smith ; traducción del inglés de Miguel Portillo. aBarcelona : bKairós, c2002. a347 p. ; c20 cm.1 aEnsayo (Kairós)17aPostmodernismo2embne91632904aCivilización-xFilosofía.91108114aHumanidades-yS.XX.9135011 aPortillo, Miguel.9932591 aEnsayo (Kairós)9184747 aES-MaACLjL-26058 c20123d20123 00104070aATENEOMbATENEOMcDEPO2d2008-01-17eSCl0oL-26058p1020624r2023-02-23 00:00:00w2023-02-23yMONOGRAFIA